Statistiques concernant Pays ayant le meilleure taux d'égalité homme/femme

Cliquez ici pour prendre le quiz!

Statistiques générales

  • Ce quiz a été pris 139 fois
  • Le résultat moyen est 14 sur 20

Statistiques - réponses

TauxPays% Correct
0,023Suède
89%
0,033Finlande
88%
0,016Norvège
88%
0,073Allemagne
86%
0,057Espagne
86%
0,069Canada
85%
0,056Italie
84%
0,018Suisse
83%
0,013Danemark
82%
0,067Portugal
81%
0,073Australie
80%
0,048Belgique
79%
0,025Pays-Bas
77%
0,043Islande
76%
0,044Luxembourg
70%
0,053Autriche
60%
0,067Corée du Sud
43%
0,071Slovénie
39%
0,040Singapour
32%
0,049Émirats arabes unis
12%

Distribution des résultats

Percentile par nombre de réponses

% des personnes avec chaque résultat

Votre développement - résultats

Vous n’avez pas pris ce quiz